Phoebe Buffay Quotes Quiz Stats

 Plays Quiz Updated Sep 18, 2017

Challenge
Share
Tweet
Embed
Score 0/25 Timer 10:00
4 Plays Today
% Correct
Andie McDowell
94.1%
Poker
93.5%
Fetus
92.7%
Unicorn Baptism
92.6%
Greek Goddess
91.9%
Dumpster
91.8%
Mom
90.9%
Hamburgers
90.7%
Painful
89.8%
Church Elders
89.6%
Jet
89.1%
Dairy
88.9%
Brand New
88.7%
% Correct
Empty Trays
88.5%
Balcony
86.8%
Cremating
86.5%
Ten Dollars
85.9%
Old Indian
85.7%
Young Men
84.5%
Lurk
84%
Celery
83.6%
Overlords
83.3%
Hyphen
82.3%
Santa Claus
81.8%
Satan
80.9%

You're not logged in!

Compare scores with friends on all Sporcle quizzes.
OR
Log In

You Might Also Like...

Show Comments

Extras

Top Quizzes Today


Score Distribution

Your Account Isn't Verified!

In order to create a playlist on Sporcle, you need to verify the email address you used during registration. Go to your Sporcle Settings to finish the process.

Report this User

Report this user for behavior that violates our Community Guidelines.

Details: